000
00302nam a22001337a 4500
008
181217b xxu||||| |||| 00| 0 eng d
020
_a
9780134685052
041
_a
eng
080
_2
2nd
_a
720
100
_a
41
101
_a
ARK
245
_a
Internetworking with TCP/IP
_c
Comer,D.E
942
_2
udc
_c
BK
999
_c
53152
_d
53152